| 000 | 00904nam a2200265 i 4500 | ||
|---|---|---|---|
| 001 | 192209 | ||
| 003 | ES-MaACL | ||
| 005 | 20240207063027.0 | ||
| 008 | 221119s1972 xx ||||| |||||||| ||und|c | ||
| 017 |
_aM-14039-1970 _bOficina Depósito Legal Madrid |
||
| 040 |
_aES-BaURL _bcat _erda _cES-BaURL |
||
| 080 | _a177.6 | ||
| 100 | 1 |
_aCalvo, Gabriel, _d1927- _eaut _933840 |
|
| 245 | 1 | 0 |
_aDiálogos para novios : _bencuentro / _cGabriel Calvo |
| 246 |
_aEncuentro : _bdiálogos para novios |
||
| 250 | _aSegunda edición: mayo, 1972 | ||
| 260 |
_aMadrid : _bAlameda, _c1972. |
||
| 300 |
_a201 páginas : _bilustraciones (blanco y negro) ; _c21 cm |
||
| 490 | 0 |
_aMatrimonio _v; 9 |
|
| 650 | 4 |
_915640 _aNoviazgo |
|
| 852 | 4 |
_aES-MaACL _jN-8167 _bR. 152937 _cDEPOJ _hDonación: Editorial _9199491 |
|
| 942 |
_cMONOGRAFIA _n0 |
||
| 999 |
_c192209 _d192209 |
||